Tratado del síndico concursal /

Guardado en:
Autor Principal: Graziabile, Dario J.
Formato: Libro
Idioma:Spanish
Publicado: Buenos Aires : Abeledo-Perrot, 2008.
Edición:1a. ed.
Materias:
Etiquetas: Agregar Etiqueta
Sin Etiquetas, Sea el primero en etiquetar este registro!
LEADER 00456nam a22001575a 4500
001 DER.der008544
008 180615s2008####ag#||||||||||||||#||spa||
005 20240227090329.0
245 1 0 |a Tratado del síndico concursal /  |c Dario J. Graziabile 
250 |a 1a. ed. 
260 |a Buenos Aires :  |b Abeledo-Perrot,  |c 2008. 
300 |a 992 p. 
020 |a 9789502018591 
100 1 |a Graziabile, Dario J. 
650 7 |a QUIEBRA 
859 |a DERECHO  |b BIB. DERECHO  |h 346.07  |i GRA  |p 006141